000 00660nas a2200229 4500
001 BR0804320
003 BR-BrBNA
005 20231205111811.0
007 ta
008 230509b bl.|||p| |||| 00| 00por d
040 _aBR-BrBNA
_bpor
_cBiblioteca Nacional de Agricultura
041 _a(Pt)
072 _aL70
100 1 _aDaguer, H.
245 1 _aInspeção sanitária de pulmões de suínos
650 _aSUÍNO
650 _aPULMÃO
650 _aINSPEÇÃO SANITÁRIA
773 0 _tA Hora Veterinária (Brazil)
_xISSN 0101-9163
_g(Sep-Oct 2004), v. 24(141) p. 43-46
_wBR0804320
909 _a202311
_bLúcia
_c55
_dLúcia Elande
942 _2AGRIS
_n0
_cANA
999 _c194536
_d194536